00571cam a22002291 4500001001300000003000400013005001700017008004100034010001700075035002000092040001800112042001200130043001200142050001600154100004100170245002200211260001100233300001900244500001700263650004400280999001700324sa 63001891 DLC20260227111930.0890824s1962 ii 000 0 gujo  asa 63001891  a(OCoLC)20241987 aDLCcWaUdDLC apremarc aa-ii---00aPK1852b.J51 aJhaveri, Mansukhlal Maganlal,d1907-10aKāvyavimarśa. c[1962] a192 p.c19 cm. aIn Gujarati. 0aGujarati poetryxHistory and criticism. c54203d54203